[Event "Canadian op"]
[Site "Edmonton"]
[Date "2009.07.15"]
[Round "5.78"]
[White "Thomson, Bruce"]
[Black "Ventura, Jason"]
[Result "1-0"]
[WhiteElo "1555"]
[BlackElo "1879"]
[PlyCount "67"]
[EventDate "2009.07.11"]
[EventType "swiss"]
[EventRounds "9"]
[EventCountry "CAN"]
[SourceTitle "EXT 2022"]
[Source "ChessBase"]
[SourceDate "2021.10.06"]
[SourceVersion "1"]
[SourceVersionDate "2021.10.06"]
[SourceQuality "1"]

1. d4 f5 2. g3 e6 3. Bg2 d5 4. Nf3 Nf6 5. b3 c6 6. a4 Ne4 7. 0-0 Nd7 8. Nbd2 Ndf6 9. Nxe4 Nxe4 10. Bd2 Bd6 11. Ne5 0-0 12. Bxe4 fxe4 13. f3 exf3 14. exf3 Qb6 15. Bf4 c5 16. Be3 c4 17. bxc4 Bxe5 18. c5 Qc7 19. dxe5 Qxe5 20. Bd4 Qh5 21. f4 Qh3 22. Rf2 Bd7 23. Qf1 Qh5 24. a5 a6 25. Qe2 Qe8 26. Qe3 Qe7 27. Re1 Rae8 28. f5 Qd8 29. Qe5 Rf6 30. fxe6 Rexe6 31. Qxd5 Qxa5 32. Rfe2 Bc6 33. Qb3 Qxe1+ 34. Rxe1 1-0

[Event "Edmonton Spring Section C"]
[Site "Edmonton"]
[Date "2002.06.16"]
[Round "4"]
[White "Ventura, Jason"]
[Black "Aggarwal, Anil"]
[Result "1/2-1/2"]
[WhiteElo "1705"]
[BlackElo "1211"]
[PlyCount "78"]
[EventDate "2002.06.15"]
[EventType "tourn"]
[EventRounds "5"]
[EventCountry "CAN"]
[SourceTitle "EXT 2022"]
[Source "ChessBase"]
[SourceDate "2021.10.06"]
[SourceVersion "1"]
[SourceVersionDate "2021.10.06"]
[SourceQuality "1"]

1. e4 e5 2. Nf3 Nc6 3. Bb5 Nf6 4. 0-0 Bc5 5. c3 Nxe4 6. d4 exd4 7. Re1 d5 8. cxd4 Bb4 9. Nbd2 0-0 10. Bxc6 bxc6 11. a3 Bxd2 12. Nxd2 Re8 13. Qf3 Nxd2 14. Bxd2 Rb8 15. Rxe8+ Qxe8 16. Re1 Qd8 17. Bc1 Be6 18. Qg3 Qd6 19. Bf4 Qe7 20. b4 Rc8 21. Bg5 Qd6 22. Re5 Kh8 23. Qh4 Re8 24. f4 Bd7 25. Be7 Qh6 26. Rh5 Qg6 27. h3 h6 28. Kh2 Rxe7 29. Qxe7 Qxh5 30. Qxd7 Qd1 31. Qxc6 Qxd4 32. Qxc7 f6 33. h4 h5 34. Qb8+ Kh7 35. a4 Kh6 36. a5 Qc4 37. f5 Qxh4+ 38. Kg1 Qe1+ 39. Kh2 Qh4+ 1/2-1/2